000 00764cam a2200265 a 4500
001 45272
003 BD-RjUL
005 20211209054005.0
008 160725s1968 ilu b 001 0 eng
035 _aMITb10431346
035 _a(BD-RjUL) 45390
035 _aGLIS00431346
035 _a(OCoLC)07473930
040 _aDLC
_cDLC
_dm.c.
_dBD-RjUL
_beng
041 _aeng
082 _223
_a338.476240951
_bCHC 1968
100 1 _aChao, Kang,
_d1929-
_9138676
245 1 4 _aThe construction industry in Communist China /
_bChao, Kang
260 _aChicago :
_bAldine Pub. Co.,
_c1968
300 _axv, 237 p. ;
_c22 cm.
500 _aIncludes index.
504 _aBibliography: p. 223-229.
650 0 _aConstruction industry
_zChina.
_9138677
942 _2ddc
_cBK
999 _c45272
_d45272